000 01493nam0a2200301 i 4500
001 RU\NLR\BIBL_A\010012470
005 20260406120442.0
010 _a9785853190023
035 _a(NLR Aleph) 010012470
090 _a9860996
_c9860996
100 _a20131210d2012 um y0rusy50 ca
101 0 _arus
102 _aRU
105 _aa||||||||||||
200 1 _aВ небытии
_eроман-реконструкция тайны наследного цесаревича Георгия - сына Александра I и Елизаветы - по материалам творчества А. С. Пушкина
_fЛюбовь Краваль
_g[под общ. ред. д.филол.н. С. А. Макуренковой]
210 _aМосква
_c[б. и.]
_d2012
215 _a99 с.
_cил., факс.
_d20
316 _aС автогр. ред.
_5NLR
320 _aБиблиогр. в подстроч. примеч.
600 1 _aПушкин
_bА.С.
_f1799 - 1837
_gАлександр Сергеевич
_xОбразы
_92020445
_3RU\NLR\AUTH\66929790
686 2 _aШ5(2=Р)51-4Пушкин54
700 1 _aКраваль
_bЛ.А.
_gЛюбовь Александровна
702 1 _4570
_8rus
_7ca
_aПушкин
_bА. С.
_cпоэт
_f1799-1837
_gАлександр Сергеевич
_3RU\NLR\AUTH\77386
_9110441
942 _cBOOK
980 _aNBR